000 00395cam a22001217a 4500
008 180718b1968 xxu||||| |||| 00| 0 eng d
082 _aA81x54 In2/61/Vol 3/Pt 6-6
100 _aCensus of India 1961
245 _aAssam: village survey monographs, Batasipur
260 _aDelhi
_bThe Manager of Publications
_c1968
300 _a45+p.
440 _aCensus of India 1961. Volume III, Assam. Part VI-6
999 _c483918
_d483918